| Tag |
First Indicator |
Second Indicator |
Subfields |
| LEADER |
00000cam a2200000Ia 4500 |
| 001 |
in00002395813 |
| 005 |
20151109062049.0 |
| 008 |
900827s1952 fr b 000 1 fre d |
| 035 |
|
|
|a (OCoLC)ocm22283422
|
| 035 |
|
|
|a (OCoLC)22283422
|
| 040 |
|
|
|a VVC
|c VVC
|d OCL
|d TXA
|d UtOrBLW
|
| 041 |
1 |
|
|a fre
|h eng
|
| 049 |
|
|
|a TXAM
|
| 090 |
|
|
|a PR6031.O873
|b C314 1952
|
| 100 |
1 |
|
|a Powys, Theodore Francis,
|d 1875-1953.
|
| 240 |
1 |
0 |
|a Captain Patch.
|l French
|
| 245 |
1 |
3 |
|a Le Capitaine Patch :
|b (Captain Patch) /
|c traduit de la̕nglais et préface par Hanri Fluchère.
|
| 264 |
|
1 |
|a Paris :
|b Gallimard,
|c 1952.
|
| 300 |
|
|
|a 235 pages ;
|c 19 cm.
|
| 336 |
|
|
|a text
|b txt
|2 rdacontent
|
| 337 |
|
|
|a unmediated
|b n
|2 rdamedia
|
| 338 |
|
|
|a volume
|b nc
|2 rdacarrier
|
| 490 |
0 |
|
|a Du monde entier ;
|v CXXIV
|
| 500 |
|
|
|a Translation of: Captain Patch.
|
| 504 |
|
|
|a Includes bibliographical references.
|
| 948 |
|
|
|a cataloged
|b h
|c 2008/6/2
|d c
|e vilik
|f 1:05:49 pm
|
| 994 |
|
|
|a C0
|b TXA
|
| 999 |
|
|
|a MARS
|
| 999 |
f |
f |
|s 8030f1df-bba2-3aa4-b62b-17e79548c49b
|i ac06efbe-52d4-3e40-9d49-9555e144e644
|t 0
|
| 952 |
f |
f |
|p noncirc
|a Texas A&M University
|b College Station
|c Cushing Memorial Library & Archives
|d Cushing: Literature/Mitchell (Does not check out)
|t 0
|e PR6031.O873 C314 1952
|h Library of Congress classification
|i unmediated -- volume
|
| 998 |
f |
f |
|a PR6031.O873 C314 1952
|t 0
|l Cushing: Literature/Mitchell (Does not check out)
|